000 00849nmm a2200313 a 4500
003 AR-BaBNM
005 20251128203520.0
008 267019s1965 ||||||||||||||000 | spa||
040 _cAR-BaBNM
100 1 _aHamilton, Gordon
245 1 0 _aTeoría y práctica del trabajo social de casos
250 _a2ª ed. rev.
260 _aMéxico, D.F.
_bLa Prensa Médica Mexicana
_c1965
300 1 _ax, 333 p.
500 0 _aIndice: p. 327-333
504 _aBibliografía: p. 319-325
650 4 _aTRABAJO SOCIAL
650 4 _aMETODOS
650 4 _aSERVICIOS SOCIALES
650 4 _aRELACIONES HUMANAS
650 4 _aRELACIONES INTERPERSONALES
650 4 _aCOMPORTAMIENTO SOCIAL
650 4 _aINTERACCION
650 4 _aCOMUNICACION INTERPERSONAL
650 4 _aSOCIABILIDAD
650 4 _aENTREVISTAS
942 _cBK
998 _cSILVI
999 _c3736
_d3736